000 01078nam0a22002651 4500
001 rc\2356887
005 20260407122425.0
035 _a(NLR Aleph) 006593632
090 _a7172896
_c7172896
100 _a20110829d1977 |||y0rusy50 ca
101 0 _arus
102 _aRU
105 _ay c |||||
200 1 _aПрофилактическое лечение ревматизма
_eМетод. указания [для врачей-курсантов]
_fМ-во здравоохранения СССР. Укр. ин-т усоверш. врачей
210 _aХарьков
_cБ. и.
_d1977
215 _a15 с.
_d20
300 _aНа обороте тит. л. сост.: С.С. Хвисюк
702 1 _aХвисюк
_bС.С.
_gСталина Семеновна
_4220
712 0 2 _aУкраинский институт усовершенствования врачей
_cХарьков
_3RU\NLR\AUTH\889958624
_9413427
801 0 _aRU
_bNLR
_gpsbo
801 1 _aRU
_bELAR
_2rusmarc
852 _aNLR
_j78-4/6621
899 _aRuMoRGB
_jM 78-12/4482
942 _cBOOK
980 _aNB